News reporting and analysis (Record no. 230066)

MARC details
000 -LEADER
fixed length control field 03771nam a22002537a 4500
005 - DATE AND TIME OF LATEST TRANSACTION
control field 20250618140646.0
008 - FIXED-LENGTH DATA ELEMENTS--GENERAL INFORMATION
fixed length control field 240306b ||||| |||| 00| 0 eng d
020 ## - INTERNATIONAL STANDARD BOOK NUMBER
International Standard Book Number 9789358404968
040 ## - CATALOGING SOURCE
Transcribing agency AL
041 ## - LANGUAGE CODE
Language code of text/sound track or separate title English
082 ## - DEWEY DECIMAL CLASSIFICATION NUMBER
Classification number 070.43
Item number PRAN
100 ## - MAIN ENTRY--PERSONAL NAME
Personal name Prashanth V and others
100 ## - MAIN ENTRY--PERSONAL NAME
9 (RLIN) 215335
245 ## - TITLE STATEMENT
Title News reporting and analysis
260 ## - PUBLICATION, DISTRIBUTION, ETC.
Place of publication, distribution, etc. Mumbai
Name of publisher, distributor, etc. Himalaya Publishing House
Date of publication, distribution, etc. 2023
300 ## - PHYSICAL DESCRIPTION
Extent 194 p.
Other physical details PB
Dimensions 24x18 cm.
365 ## - TRADE PRICE
Price type code 7776
Price amount ₹192.00
Currency code
Unit of pricing ₹240.00
Price note 20%
Price effective from 16-02-2024
520 ## - SUMMARY, ETC.
Summary, etc. In our rapidly evolving world, a continuous stream of information shapes our perceptions and society at large. Amidst this torrent of information, journalism plays a pivotal role as a vital link between events, ideas, and the public's consciousness. In an era of shifting media landscapes, journalism's significance has surged, turning it into a potent instrument that not only informs but also shapes opinions, influences decisions, and upholds accountability.<br/><br/>Recognizing this pivotal function, the "Comprehensive Guide to News Reporting and Analysis" emerges as an insightful exploration of the intricate realm of journalism. This meticulously crafted guide delves into every facet that influences news creation, from its raw data inception to its transformation into a compelling narrative. Beyond the surface, it delves into the foundational principles and practices that govern the industry, serving as an essential resource for aspiring journalists and media professionals.<br/><br/>This book places strong emphasis on grasping the essence of news. More than a collection of facts, news is a dynamic force that educates, evokes, and moulds public perspectives. Readers gain a deep understanding of news' fundamental nature, its societal role, and the ethical responsibilities tied to information dissemination. Fundamental journalism principles are explored, underlining its role in upholding transparency, democracy, and societal responsibility.<br/><br/>Yet, understanding the theoretical underpinnings is just the starting point. The guide navigates readers through the practical aspects of news reporting, equipping them with the tools and techniques essential for effective storytelling. Covering a spectrum of methods suitable for diverse platforms and audiences, from traditional inverted pyramid structures to contemporary storytelling styles, it offers comprehensive insight.<br/><br/>This guide's standout feature lies in its holistic approach to journalism education. While not solely focusing on technicalities, it emphasizes the value of ethical journalism. A core principle elaborated upon is the duty to convey facts accurately while maintaining impartiality and neutrality. In an era rife with misinformation, it stresses the significance of upholding integrity and credibility, especially when covering sensitive subjects.<br/><br/>
Expansion of summary note Amidst the rise of digital platforms and social media's news reach, the "Comprehensive Guide to News Reporting and Analysis" emerges as a valuable tool. By upholding standards of accuracy, ethics, and professionalism, it equips aspiring journalists and media students with the knowledge and skills to navigate this dynamic environment. Regardless of whether you're venturing into journalism or intrigued by news reporting's craft, this guide promises to be an enlightening companion on your journey to understanding, appreciating, and practicing the art of conveying news in its purest form.<br/><br/>CONTENTS<br/>1. Introduction to News<br/>2. The Reporter<br/>3. Reporting<br/>4. Specialized Reporting<br/>Tips for Beginners
650 ## - SUBJECT ADDED ENTRY--TOPICAL TERM
Topical term or geographic name entry element Introduction to News
9 (RLIN) 153066
650 ## - SUBJECT ADDED ENTRY--TOPICAL TERM
Topical term or geographic name entry element Reporter
9 (RLIN) 153067
650 ## - SUBJECT ADDED ENTRY--TOPICAL TERM
Topical term or geographic name entry element Specialized Reporting
9 (RLIN) 153068
700 ## - ADDED ENTRY--PERSONAL NAME
Personal name Supria ,M
9 (RLIN) 153070
700 ## - ADDED ENTRY--PERSONAL NAME
Personal name Chanakya, C N
9 (RLIN) 153071
942 ## - ADDED ENTRY ELEMENTS (KOHA)
Source of classification or shelving scheme Dewey Decimal Classification
Koha item type Book
Holdings
Withdrawn status Lost status Source of classification or shelving scheme Damaged status Not for loan Collection code Home library Current library Date acquired Source of acquisition Cost, normal purchase price Total Checkouts Full call number Barcode Date last seen Date last checked out Cost, replacement price Price effective from Koha item type
    Dewey Decimal Classification     Journalism St Aloysius Library St Aloysius Library 02/20/2024 Biblios Book Point Surathkal Mangalore 575014 192.00 1 070.43 PRAN 077130 11/19/2024 11/16/2024 240.00 03/06/2024 Book